El futuro de lo clásico
保存先:
| 第一著者: | |
|---|---|
| フォーマット: | 図書 |
| 言語: | スペイン語 |
| 出版事項: |
Madrid, España
Abada
2006
|
| シリーズ: | Lecturas Serie Historia del Arte y de la Arquitectura
|
| 主題: | |
| タグ: |
タグ追加
タグなし, このレコードへの初めてのタグを付けませんか!
|
MARC
| LEADER | 00000cam a2200000 a 4500 | ||
|---|---|---|---|
| 001 | UCH5674 | ||
| 003 | CL-VaPUC | ||
| 005 | 20240703150518.0 | ||
| 008 | 091015e20060000SP |||||||||||||||||spa|d | ||
| 999 | |c 336776 |d 336774 | ||
| 020 | |a 9788496258693 | ||
| 040 | |c Pontificia Universidad Católica de Valparaíso | ||
| 082 | 0 | 4 | |a 701.18 SET 2006 |2 21 |
| 100 | 0 | |a Settis, Salvatore |e author |9 541989 | |
| 245 | 1 | 3 | |a El futuro de lo clásico |
| 260 | |a Madrid, España |b Abada |c 2006 | ||
| 300 | |a 158 páginas | ||
| 490 | 0 | |a Lecturas Serie Historia del Arte y de la Arquitectura | |
| 583 | |a last modification |c 20180417 05:24:42 |k Rodrigo Vera | ||
| 650 | 0 | |a Teoría del arte |9 387638 | |
| 650 | 0 | |a Arte clásico |z GRECIA |z ROMA |9 341004 | |
| 650 | 0 | |a Historia natural |9 268584 | |
| 852 | |a BIBCUR | ||
| 942 | |c BK |2 ddc | ||
| 945 | |d 20091015 00:00:00 |a rbrito | ||
| 952 | |0 0 |1 0 |2 ddc |4 0 |6 701_180000000000000_SET_2006 |7 0 |8 A |9 428702 |a BIBHIS |b BIBHIS |d 2019-11-22 |i 4606167 |o 701.18 SET 2006 |p 4606167 |r 2025-01-20 |t 2 |w 2019-11-22 |y BK |k HIS | ||
| 952 | |0 0 |1 0 |2 ddc |4 0 |6 701_180000000000000_SET_2006 |7 0 |8 A |9 428703 |a BIBART |b BIBART |d 2019-11-22 |i 4806522 |o 701.18 SET 2006 |p 4806522 |r 2025-03-13 |t 1 |w 2019-11-22 |y BK |k ART | ||